| 000 | 01304nam0a22003011 4500 | ||
|---|---|---|---|
| 001 | rc\4664052 | ||
| 005 | 20260407105007.0 | ||
| 021 |
_aRU _b66-ОЭ-609/87 |
||
| 021 |
_aRU _bРг1994-66 |
||
| 035 | _a(NLR Aleph) 008418095 | ||
| 090 |
_a9339226 _c9339226 |
||
| 100 | _a20130416d1965 |||y0rusy50 ca | ||
| 101 | 0 | _arus | |
| 102 | _aRU | ||
| 105 | _aa c ||||| | ||
| 200 | 1 |
_aПерспективная метрическая фотосъемка на месте происшествия _e(Метод. указания по судебной фотографии) _fМ-во высш. и сред. образования УССР. Харьковский юрид. ин-т |
|
| 210 |
_aХарьков _cБ. и. _d1965 |
||
| 215 |
_a31 с. _cил. _d20 |
||
| 300 | _aНа обороте тит. л. сост.: М.В. Салтевский, Л.Ф. Саврань | ||
| 333 | _aНа правах рукописи | ||
| 702 | 1 |
_aСаврань _bЛ.Ф. _4220 |
|
| 702 | 1 |
_aСалтевский _bМ.В. _gМихаил Васильевич _4220 |
|
| 712 | 0 | 2 |
_aХарьковский юридический институт им. Ф. Э. Дзержинского _3RU\NLR\AUTH\889936226 _9367280 |
| 801 | 0 |
_aRU _bNLR _gpsbo |
|
| 801 | 1 |
_aRU _bELAR _2rusmarc |
|
| 852 |
_aNLR _j66-4/3767 |
||
| 942 | _cBOOK | ||
| 980 | _aNB | ||